रसायन विज्ञान शिक्षण / (Record no. 117769)

MARC details
000 -LEADER
fixed length control field 01062nam a22002537a 4500
005 - DATE AND TIME OF LATEST TRANSACTION
control field 20170124103100.0
010 ## - LIBRARY OF CONGRESS CONTROL NUMBER
LC control number B-245665
020 ## - INTERNATIONAL STANDARD BOOK NUMBER
Terms of availability 400.00
International Standard Book Number 8189462369
035 ## - SYSTEM CONTROL NUMBER
System control number B-245665
037 ## - SOURCE OF ACQUISITION
Source of stock number/acquisition Cen Lib/Ret
040 ## - CATALOGING SOURCE
Original cataloging agency DPL
Language of cataloging HN
082 ## - DEWEY DECIMAL CLASSIFICATION NUMBER
Classification number 540.7
Item number सेंगर
100 ## - MAIN ENTRY--PERSONAL NAME
Personal name सेंगर, एस.
9 (RLIN) 43844
245 ## - TITLE STATEMENT
Title रसायन विज्ञान शिक्षण /
Statement of responsibility, etc एस. सेंगर
246 ## - VARYING FORM OF TITLE
Title proper/short title Rasayan vigyaan shikshan /
Remainder of title by S. Sengar
260 ## - PUBLICATION, DISTRIBUTION, ETC. (IMPRINT)
Place of publication, distribution, etc जयपुर
Name of publisher, distributor, etc श्री कविता प्रकाशन
Date of publication, distribution, etc 2007
270 ## - ADDRESS
City जयपुर
300 ## - PHYSICAL DESCRIPTION
Extent 256पृ.
Dimensions 21सेमी (सजिल्द)
650 ## - SUBJECT ADDED ENTRY--TOPICAL TERM
Topical term or geographic name as entry element रसायन विज्ञान--अर्थ और महत्व
9 (RLIN) 76723
650 ## - SUBJECT ADDED ENTRY--TOPICAL TERM
Topical term or geographic name as entry element रसायन वज्ञान-- शिक्षण और पाठ्यक्रम
9 (RLIN) 76724
650 ## - SUBJECT ADDED ENTRY--TOPICAL TERM
Topical term or geographic name as entry element Chemistry--Meaning and Importance
9 (RLIN) 76725
650 ## - SUBJECT ADDED ENTRY--TOPICAL TERM
Topical term or geographic name as entry element Chemistry-- teaching and curriculum
9 (RLIN) 76726
942 ## - ADDED ENTRY ELEMENTS (KOHA)
Source of classification or shelving scheme Dewey Decimal Classification
Koha item type Hindi Books
Classification part 540.7
Call number suffix सेंगर
Holdings
Withdrawn status Lost status Damaged status Not for loan Home library Current library Date acquired Source of acquisition Cost, normal purchase price Total Checkouts Full call number Barcode Date last seen Date checked out Copy number Cost, replacement price Price effective from Koha item type
        Central Library Central Library 08/09/2015 Cen Lib/Ret 400.00 1 540.7 सेंगर B-245665 14/07/2019 21/11/2018 1 400.00 08/09/2015 Hindi Books

© Delhi Public Library
Hit Counter
free hit counter